| 000 | 00409nam a2200169Ia 4500 | ||
|---|---|---|---|
| 001 | 23563 | ||
| 005 | 20260414150945.0 | ||
| 008 | 260414t2009||||xx |||||||||||||| ||spa|| | ||
| 041 | _aESP | ||
| 082 |
_a664.5 _bI25 |
||
| 100 |
_aFábrica de chocolates La Ibérica S.A. _eAUT |
||
| 245 | 0 |
_a100 años endulzando al Perú _b |
|
| 260 | _c2009 | ||
| 650 | _aTCA | ||
| 654 | _aCII | ||
| 942 |
_cLIB _dJUS _fJUS _2ddc _n |
||
| 999 |
_c23563 _d23563 |
||